Nho giáo và đạo đức

Salvato in:
Dettagli Bibliografici
Autore principale: Vũ Khiêu
Natura: Libro
Lingua:Undetermined
Pubblicazione: Hà Nội KHXH 1995
Soggetti:
Tags: Aggiungi Tag
Nessun Tag, puoi essere il primo ad aggiungerne! !
Thư viện lưu trữ: Trung tâm Học liệu Trường Đại học Cần Thơ
LEADER 00520nam a2200181Ia 4500
001 CTU_5264
008 210402s9999 xx 000 0 und d
082 |a 181.11 
082 |b Kh309n 
100 |a Vũ Khiêu 
245 0 |a Nho giáo và đạo đức 
245 0 |c Vũ Khiêu 
260 |a Hà Nội 
260 |b KHXH 
260 |c 1995 
650 |a confucius and confucianism,philosophy, chinese 
904 |i Nguyễn Quang Điền, 960711 
980 |a Trung tâm Học liệu Trường Đại học Cần Thơ